| 000 | 01066nac a22003617a 4500 | ||
|---|---|---|---|
| 001 | BR2013008885 | ||
| 003 | BR-BrBNA | ||
| 005 | 20240105124002.0 | ||
| 008 | 230509b bl.|||m| |||| 00| 0 por d | ||
| 040 |
_aBR-BrBNA _bpor _cBiblioteca Nacional de Agricultura |
||
| 072 | _aF08; F01; F30 | ||
| 090 | _a0337 BR2013008885 | ||
| 100 | 1 | _aAmabile, R.F. | |
| 100 | 1 | _aFernandes, F.D. | |
| 100 | 1 | _aSanzonowicz, C. | |
| 110 | 1 | _aEMBRAPA Cerrados, Planaltina, DF (Brasil) | |
| 245 | 1 | _aGirassol como alternativa para o sistema de produção do cerrado | |
| 260 | 3 |
_aPlanaltina, DF (Brasil): _c2002. |
|
| 300 | _a3 p. | ||
| 490 |
_aCircular Técnica - EMBRAPA Cerrados (Brazil) _vno. 20 _xISSN 1517-0187 |
||
| 500 | _aSummaries (En, Pt) | ||
| 650 | _aGIRASSOL | ||
| 650 | _aVARIEDADE | ||
| 650 | _aROTAÇÃO DE CULTURA | ||
| 650 | _aSOJA | ||
| 650 | _aMILHO | ||
| 650 | _aADUBAÇÃO VERDE | ||
| 650 | _aSILAGEM | ||
| 650 | _aPRÁTICA CULTURAL | ||
| 650 | _aCERRADO | ||
| 909 |
_a202312 _bLúcia Elande _c55 _dLúcia Elande |
||
| 942 |
_2AGRIS _n0 _cMS |
||
| 999 |
_c297853 _d297853 |
||